[Event "Novi Sad chess winter "]
[Site "Novi Sad"]
[Date "2014.01.12"]
[Round "5.11"]
[White "Cengija, Vanja"]
[Black "Radulovic, Bojan"]
[Result "1-0"]
[WhiteElo "2255"]
[BlackElo "2235"]
[PlyCount "115"]
[EventDate "2014.01.10"]

1. d4 c5 2. d5 b5 3. Nf3 d6 4. c4 b4 5. a3 Na6 6. axb4 Nxb4 7. Nc3 e5 8. dxe6
Bxe6 9. e4 Nf6 10. Be2 Be7 11. O-O h6 12. Nd2 Nd7 13. Nd5 Bxd5 14. cxd5 O-O 15.
Ra3 Bf6 16. f4 Bd4+ 17. Kh1 f5 18. exf5 Nb6 19. Bf3 Qf6 20. Ne4 Qxf5 21. Nxd6
Qd7 22. Ne4 N6xd5 23. Bd2 Rad8 24. Qb3 Kh8 25. g3 Qb5 26. Rb1 Qb6 27. Nc3 Nc7
28. Ne4 Ncd5 29. Qc4 Nf6 30. Bc3 Nc2 31. Rb3 Ne3 32. Qa4 Qe6 33. Nxf6 Rxf6 34.
Re1 Qh3 35. Bxd4 cxd4 36. Rd3 Nf1 37. Re8+ Rf8 38. Rxf8+ Rxf8 39. Kg1 Ne3 40.
Qa1 h5 41. Rd2 h4 42. Bg2 Qg4 43. Qe1 h3 44. Bf1 Rxf4 45. Bxh3 Qg5 46. Bg2 Rf8
47. Qe2 Qc5 48. Qe1 Nc4 49. Rd1 Nxb2 50. Rc1 Qb6 51. Qd2 d3+ 52. Kh1 Qf6 53.
Qb4 Rd8 54. Rf1 Qd4 55. Rf8+ Kh7 56. Be4+ Kh6 57. Rh8+ Rxh8 58. Qxd4 1-0

[Event "Novi Sad chess winter "]
[Site "Novi Sad"]
[Date "2014.01.12"]
[Round "5.14"]
[White "Tesanovic, Rajko"]
[Black "Vucurovic, Nebojsa"]
[Result "1-0"]
[WhiteElo "1819"]
[BlackElo "2016"]
[PlyCount "67"]
[EventDate "2014.01.10"]

1. d4 e5 2. dxe5 Nc6 3. Nf3 Qe7 4. Nc3 Nxe5 5. Nxe5 Qxe5 6. Qd5 Bd6 7. e4 c6 8.
Qxe5+ Bxe5 9. Bd2 Ne7 10. O-O-O b5 11. Bd3 O-O 12. f4 Bxc3 13. Bxc3 d5 14. Bb4
Re8 15. Bxe7 Rxe7 16. exd5 cxd5 17. Bxb5 Bb7 18. Rhe1 Re4 19. Rxe4 dxe4 20. Rd7
Rb8 21. Bc4 h6 22. Rxf7 Kh8 23. Re7 a5 24. g3 Kh7 25. Be6 Kg6 26. f5+ Kf6 27.
Rf7+ Ke5 28. Rxg7 e3 29. Bc4 Bf3 30. Re7+ Kd4 31. b3 Rb6 32. c3+ Kc5 33. Rxe3
Bg4 34. Re5+ 1-0

[Event "Novi Sad chess winter "]
[Site "Novi Sad"]
[Date "2014.01.13"]
[Round "6.1"]
[White "Simeunovic, Predrag"]
[Black "Jakovljevic, Zoran N"]
[Result "0-1"]
[WhiteElo "2135"]
[BlackElo "2122"]
[PlyCount "42"]
[EventDate "2014.01.10"]

1. d4 d5 2. c4 e6 3. Nf3 Nf6 4. Nc3 c6 5. g3 dxc4 6. Bg2 Be7 7. O-O O-O 8. h3
b5 9. e4 b4 10. Nb1 Nxe4 11. Re1 Nf6 12. Nbd2 Ba6 13. b3 c3 14. Nf1 Nbd7 15.
Bf4 Nd5 16. Qc1 Nxf4 17. gxf4 c5 18. Ne3 cxd4 19. Ne5 Nxe5 20. fxe5 dxe3 21.
Qxe3 Rb8 0-1

[Event "Novi Sad chess winter "]
[Site "Novi Sad"]
[Date "2014.01.13"]
[Round "6.4"]
[White "Lukajic, Bojan"]
[Black "Licina, Zoran"]
[Result "1/2-1/2"]
[WhiteElo "2200"]
[BlackElo "2233"]
[PlyCount "20"]
[EventDate "2014.01.10"]

1. d4 d5 2. g3 e6 3. Bg2 Nf6 4. Nf3 Be7 5. b3 O-O 6. Bb2 Ne4 7. O-O Nd7 8. Nbd2
f5 9. c4 c6 10. Qc2 Ndf6 1/2-1/2

[Event "Novi Sad chess winter "]
[Site "Novi Sad"]
[Date "2014.01.13"]
[Round "6.5"]
[White "Simovic, Zarko"]
[Black "Babic, Radoslav"]
[Result "0-1"]
[WhiteElo "1946"]
[BlackElo "2188"]
[PlyCount "74"]
[EventDate "2014.01.10"]

1. d4 Nf6 2. Nf3 e6 3. c4 b6 4. Nc3 Bb4 5. Qc2 Bb7 6. Bd2 O-O 7. e3 Bxc3 8.
Bxc3 Ne4 9. Bd3 f5 10. Rg1 d6 11. Nd2 Qh4 12. Nf3 Qh5 13. O-O-O Nxc3 14. bxc3
Nd7 15. e4 f4 16. h3 a5 17. a4 e5 18. Be2 Qe8 19. Bd3 Bc6 20. Kd2 Nf6 21. Ra1
exd4 22. Rge1 dxc3+ 23. Kxc3 Qe7 24. Rab1 Rae8 25. e5 dxe5 26. Nxe5 Ne4+ 27.
Rxe4 Bxe4 28. Nf3 Bxd3 29. Qxd3 Rd8 30. Qc2 Rf6 31. Rb5 Qa3+ 32. Rb3 Qa1+ 33.
Rb2 Rfd6 34. c5 Rd3+ 35. Kc4 Qa3 36. cxb6 cxb6 37. Kb5 Rc3 0-1

[Event "Novi Sad chess winter "]
[Site "Novi Sad"]
[Date "2014.01.13"]
[Round "6.6"]
[White "Drazic, Sinisa"]
[Black "Cengija, Vanja"]
[Result "1/2-1/2"]
[WhiteElo "2421"]
[BlackElo "2255"]
[PlyCount "26"]
[EventDate "2014.01.10"]

1. e4 c5 2. Nc3 e6 3. g3 Nc6 4. Bg2 d6 5. Nge2 Nf6 6. O-O Be7 7. d4 cxd4 8.
Nxd4 Bd7 9. Nxc6 Bxc6 10. Qd3 O-O 11. Bf4 a6 12. a4 Qc7 13. Rfd1 Rfc8 1/2-1/2

[Event "Novi Sad chess winter "]
[Site "Novi Sad"]
[Date "2014.01.13"]
[Round "6.7"]
[White "Dostan, Janos"]
[Black "Yagupov, Igor"]
[Result "1/2-1/2"]
[WhiteElo "2210"]
[BlackElo "2388"]
[PlyCount "115"]
[EventDate "2014.01.10"]

1. e4 c5 2. Nf3 e6 3. c4 Nc6 4. Nc3 b6 5. Be2 Bb7 6. O-O Nf6 7. d4 cxd4 8. Nxd4
Qb8 9. Be3 Nxd4 10. Qxd4 Bd6 11. h3 Bh2+ 12. Kh1 Be5 13. Qd3 Bxc3 14. Qxc3 Bxe4
15. Bd4 Qd8 16. Rad1 Bc6 17. Bf3 Rc8 18. b3 O-O 19. Rd2 Ne8 20. Rfd1 f6 21. Qe3
Qc7 22. Bb2 Rf7 23. a4 Qb7 24. Bxc6 Rxc6 25. Rd4 Qc8 26. R1d3 Nc7 27. Rd6 Rxd6
28. Rxd6 Ne8 29. Rd3 Qc6 30. Ba3 a6 31. Bb4 h6 32. Qf3 Qxf3 33. gxf3 d6 34. Bd2
Rb7 35. f4 Kf7 36. Kg2 Kg6 37. Kf3 Kf5 38. Ke3 g5 39. fxg5 hxg5 40. Ke2 b5 41.
cxb5 axb5 42. a5 Rc7 43. Kd1 Rc6 44. Bb4 d5 45. Kd2 Nc7 46. Be7 e5 47. Bd8 Ke6
48. Rf3 Kf7 49. Bxc7 Rxc7 50. Rc3 Rd7 51. Rc6 b4 52. Rb6 Ra7 53. a6 Kg6 54. Ke3
Kf5 55. Kd3 Ra8 56. Rd6 Ra7 57. Rb6 Ra8 58. Rd6 1/2-1/2

[Event "Novi Sad chess winter "]
[Site "Novi Sad"]
[Date "2014.01.13"]
[Round "6.9"]
[White "Mladenovic, Aleksandar D"]
[Black "Popovic, Milan S"]
[Result "0-1"]
[WhiteElo "1959"]
[BlackElo "2185"]
[PlyCount "68"]
[EventDate "2014.01.10"]

1. d4 Nf6 2. c4 g6 3. Nc3 Bg7 4. Nf3 O-O 5. e4 d6 6. Be2 e5 7. dxe5 dxe5 8. O-O
Qe7 9. Bg5 c6 10. h3 Na6 11. Qc2 Nc5 12. Rad1 Ne6 13. Be3 Nd7 14. Qd2 f5 15.
Qd6 Qf6 16. exf5 gxf5 17. c5 Re8 18. Bc4 Kh8 19. Bxe6 Qxe6 20. Ng5 Qg8 21. f4
h6 22. Nf3 e4 23. Nh4 Nf6 24. Bd4 Qf7 25. Be5 Be6 26. Ne2 Nd5 27. Rd2 Kh7 28.
Bxg7 Qxg7 29. Nd4 Qf7 30. g4 Rad8 31. Qe5 Bc8 32. Qb8 fxg4 33. f5 e3 34. Re2
Qf6 0-1

[Event "Novi Sad chess winter "]
[Site "Novi Sad"]
[Date "2014.01.13"]
[Round "6.10"]
[White "Lukovic, Vladimir"]
[Black "Jevtic, Miroljub"]
[Result "1/2-1/2"]
[WhiteElo "2396"]
[BlackElo "2073"]
[PlyCount "74"]
[EventDate "2014.01.10"]

1. e4 e5 2. Nf3 Nc6 3. Bb5 Nf6 4. O-O Bc5 5. c3 a6 6. Bxc6 dxc6 7. Nxe5 O-O 8.
d3 Re8 9. Nf3 Bg4 10. h3 Bh5 11. d4 Ba7 12. e5 Nd7 13. b4 a5 14. a3 Bb6 15. Bb2
f6 16. exf6 Nxf6 17. Nbd2 axb4 18. axb4 Rxa1 19. Qxa1 Nd5 20. Re1 Nf4 21. Rxe8+
Qxe8 22. Ne5 c5 23. Qa2+ Kf8 24. Ba3 c6 25. bxc5 Bc7 26. Ndc4 Qd8 27. f3 Qg5
28. Kh2 Bf7 29. Bc1 Bxc4 30. Qd2 Bxe5 31. dxe5 Qxg2+ 32. Qxg2 Nxg2 33. Kxg2 Kf7
34. Kg3 h5 35. Bf4 g6 36. Kh4 Ke6 37. Be3 Bd3 1/2-1/2

[Event "Novi Sad chess winter "]
[Site "Novi Sad"]
[Date "2014.01.13"]
[Round "6.11"]
[White "Tesanovic, Rajko"]
[Black "Marjanovic, Zoran L"]
[Result "1/2-1/2"]
[WhiteElo "1819"]
[BlackElo "1795"]
[PlyCount "62"]
[EventDate "2014.01.10"]

1. d4 Nf6 2. c4 d6 3. Nc3 g6 4. e3 Bg7 5. Bd3 O-O 6. d5 e5 7. Nge2 Nbd7 8. Ng3
Ne8 9. e4 Nc5 10. Bc2 a5 11. Na4 Nxa4 12. Bxa4 f5 13. exf5 Bxf5 14. Nxf5 gxf5
15. Bc2 Qf6 16. Qh5 Qg6 17. Qg5 Qxg5 18. Bxg5 e4 19. O-O-O h6 20. Bf4 Nf6 21.
Kb1 b6 22. h3 Rae8 23. Ba4 Re7 24. Rde1 Kf7 25. Bd1 Ke8 26. Bc2 Kd8 27. Bd1 Nd7
28. f3 Nc5 29. Bc2 Rfe8 30. fxe4 fxe4 31. g4 Kd7 1/2-1/2

[Event "Novi Sad chess winter "]
[Site "Novi Sad"]
[Date "2014.01.13"]
[Round "6.12"]
[White "Borbas, Petar"]
[Black "Mladenovic, Dusan"]
[Result "1/2-1/2"]
[WhiteElo "1775"]
[BlackElo "2114"]
[PlyCount "23"]
[EventDate "2014.01.10"]

1. e4 c6 2. d4 d5 3. Nc3 dxe4 4. Nxe4 Bf5 5. Nc5 Qc8 6. Nf3 Nd7 7. Nd3 Ngf6 8.
Be2 h6 9. O-O e6 10. c4 Bd6 11. a3 a5 12. b3 1/2-1/2

[Event "Novi Sad chess winter "]
[Site "Novi Sad"]
[Date "2014.01.13"]
[Round "6.13"]
[White "Marholev, Dimitar"]
[Black "Radulovic, Bojan"]
[Result "1-0"]
[WhiteElo "2321"]
[BlackElo "2235"]
[PlyCount "103"]
[EventDate "2014.01.10"]

1. e4 c5 2. Nc3 e6 3. Nge2 d5 4. exd5 exd5 5. d4 Nf6 6. h3 h6 7. Be3 Nc6 8.
dxc5 Bf5 9. Nd4 Bd7 10. Be2 Be7 11. O-O O-O 12. Nb3 Bf5 13. Bf3 Be6 14. Bd4 Rc8
15. Re1 Qd7 16. Bxf6 Bxf6 17. Bxd5 Bxc3 18. Bxe6 Qxd1 19. Raxd1 fxe6 20. bxc3
e5 21. Rd7 Rf7 22. Red1 Rcf8 23. f3 Kh7 24. R1d6 Nb8 25. Rxf7 Rxf7 26. Nd2 Rc7
27. Ne4 Nd7 28. Rd5 Kg6 29. Kf2 Kf7 30. h4 Ke6 31. c4 b6 32. Ke3 bxc5 33. Rd6+
Ke7 34. Rg6 Kf7 35. h5 Nf8 36. Ra6 Ne6 37. Nd6+ Ke7 38. Nb5 Rd7 39. Rxa7 Rxa7
40. Nxa7 Nd4 41. Nb5 Nxc2+ 42. Ke4 Ke6 43. a4 Nb4 44. Nc7+ Kd7 45. Nb5 Ke6 46.
a5 Na6 47. Nc3 Nb8 48. Nd5 Na6 49. g3 Kd6 50. Kf5 Nb4 51. Nxb4 cxb4 52. Ke4 1-0

[Event "Novi Sad chess winter "]
[Site "Novi Sad"]
[Date "2014.01.13"]
[Round "6.16"]
[White "Farkas, Sandor I"]
[Black "Ratic, Zoran"]
[Result "1-0"]
[WhiteElo "1874"]
[BlackElo "1938"]
[PlyCount "63"]
[EventDate "2014.01.10"]

1. e4 e5 2. d4 exd4 3. Qxd4 Nc6 4. Qe3 b6 5. Nc3 Bc5 6. Qg3 g6 7. Nd5 d6 8. Bg5
f6 9. Bd2 a5 10. Bb5 Bd7 11. O-O-O Nd4 12. Bxd7+ Qxd7 13. Bc3 c6 14. Nxb6 Bxb6
15. Bxd4 Bxd4 16. Rxd4 Rd8 17. Ne2 Ne7 18. h4 c5 19. Rd2 Qe6 20. Nc3 Kf7 21.
Rhd1 Nc8 22. f4 Rd7 23. Rd5 Rhd8 24. h5 Nb6 25. hxg6+ Kg7 26. gxh7+ Kh8 27. f5
Qf7 28. Rxd6 Qxh7 29. Rxd7 Nxd7 30. Qh3 Qxh3 31. gxh3 Kg7 32. Na4 1-0

[Event "Novi Sad chess winter "]
[Site "Novi Sad"]
[Date "2014.01.14"]
[Round "7.2"]
[White "Popovic, Milan S"]
[Black "Trajkovic, Aleksandar"]
[Result "1-0"]
[WhiteElo "2185"]
[BlackElo "2197"]
[PlyCount "35"]
[EventDate "2014.01.10"]

1. e4 d6 2. Nc3 e5 3. d4 exd4 4. Qxd4 Nc6 5. Qe3 g6 6. Bd2 Bg7 7. O-O-O Nge7 8.
h4 h5 9. f3 Be6 10. Nge2 Qd7 11. Nf4 a6 12. g3 Bd4 13. Qd3 Bf2 14. Nxe6 Qxe6
15. Bh3 Qe5 16. Nd5 O-O 17. Bc3 Qxg3 18. Nf6+ 1-0

[Event "Novi Sad chess winter "]
[Site "Novi Sad"]
[Date "2014.01.14"]
[Round "7.3"]
[White "Babic, Radoslav"]
[Black "Farkas, Sandor I"]
[Result "1-0"]
[WhiteElo "2188"]
[BlackElo "1874"]
[PlyCount "103"]
[EventDate "2014.01.10"]

1. d4 Nf6 2. Nf3 g6 3. c4 Bg7 4. Nc3 O-O 5. Bg5 d6 6. Qb3 Nbd7 7. e3 c6 8. Be2
e5 9. O-O Qe8 10. Qa3 e4 11. Nd2 d5 12. cxd5 cxd5 13. Nb5 Qd8 14. Rac1 Qb6 15.
Nc7 Rb8 16. Bf4 a6 17. Rc3 Rd8 18. Rb3 Qc6 19. Qe7 Rf8 20. Nxa6 Ra8 21. Nb4 Qe6
22. Qxe6 fxe6 23. a3 Re8 24. Bb5 Bf8 25. f3 exf3 26. gxf3 Re7 27. Nd3 Rf7 28.
Ne5 Nxe5 29. Bxe5 Bh6 30. Bxf6 Rxf6 31. f4 Bf8 32. Rc3 Bd6 33. Rfc1 Rf8 34. Nf3
Ra5 35. a4 Ra8 36. Kf2 Kg7 37. Ke2 Kf6 38. h4 Ke7 39. Ne5 Rg8 40. Kf3 Rf8 41.
Kg4 Kd8 42. b3 Rf5 43. R1c2 Rb8 44. a5 Ra8 45. b4 Rb8 46. Ba4 Ra8 47. Bb5 Rb8
48. a6 bxa6 49. Nc6+ Kc7 50. Nxb8+ Kxb8 51. Rxc8+ Kb7 52. Bd7 1-0

[Event "Novi Sad chess winter "]
[Site "Novi Sad"]
[Date "2014.01.14"]
[Round "7.5"]
[White "Cengija, Vanja"]
[Black "Lukovic, Vladimir"]
[Result "0-1"]
[WhiteElo "2255"]
[BlackElo "2396"]
[PlyCount "114"]
[EventDate "2014.01.10"]

1. d4 d5 2. c4 c6 3. Nc3 Nf6 4. e3 g6 5. Nf3 Bg7 6. Be2 O-O 7. O-O a6 8. Bd2 e6
9. Qb3 Nbd7 10. Rfc1 Rb8 11. a4 a5 12. Qc2 b6 13. cxd5 exd5 14. Nb1 Bb7 15. b4
axb4 16. Bxb4 c5 17. Ba3 Re8 18. Nc3 Ne4 19. Qd1 Nxc3 20. Rxc3 c4 21. Rcc1 Ra8
22. Nd2 Ra6 23. Nb1 Nc5 24. Bxc5 bxc5 25. Nc3 cxd4 26. exd4 Qb6 27. Rab1 Qxd4
28. Rxb7 Qxd1+ 29. Rxd1 Bxc3 30. Bf3 Rd6 31. g3 d4 32. Rc7 Rf6 33. Kg2 Re5 34.
Rxc4 h5 35. Rc6 Rff5 36. Rd3 Re1 37. Bd1 Kg7 38. Rb6 Kf8 39. Rb7 Rfe5 40. Bb3
Re7 41. Rxe7 Rxe7 42. h4 Rb7 43. Bc4 Rb4 44. Bb5 Rb1 45. Kf3 f5 46. Kf4 Rf1 47.
Kf3 Re1 48. Bc6 Ke7 49. Bb5 Kf6 50. Bc6 Ke7 51. Kf4 Rb1 52. Kg5 Kf7 53. Bd5+
Kg7 54. Kf4 Ra1 55. Bb3 Ra3 56. Bd1 Kf6 57. f3 Bb2 0-1

[Event "Novi Sad chess winter "]
[Site "Novi Sad"]
[Date "2014.01.14"]
[Round "7.6"]
[White "Yagupov, Igor"]
[Black "Marholev, Dimitar"]
[Result "1/2-1/2"]
[WhiteElo "2388"]
[BlackElo "2321"]
[PlyCount "66"]
[EventDate "2014.01.10"]

1. Nf3 Nf6 2. c4 g6 3. Nc3 Bg7 4. e4 O-O 5. d4 c6 6. e5 Ne8 7. Bf4 d6 8. h3
dxe5 9. Bxe5 Nf6 10. Qd2 a6 11. Be2 b5 12. O-O Nbd7 13. Bf4 Nb6 14. c5 Nbd5 15.
Nxd5 Nxd5 16. Bh6 Qc7 17. Rfe1 Re8 18. Bf1 Bh8 19. g3 Bd7 20. Ne5 Rad8 21. a4
Qc8 22. axb5 axb5 23. Kh2 f6 24. Nxd7 Qxd7 25. Ra6 Ra8 26. Rea1 Qb7 27. R6a5
Rxa5 28. Qxa5 f5 29. Rd1 Ra8 30. Qe1 Qd7 31. Bg2 Kf7 32. Bg5 e6 33. b3 Ra2
1/2-1/2

[Event "Novi Sad chess winter "]
[Site "Novi Sad"]
[Date "2014.01.14"]
[Round "7.8"]
[White "Radulovic, Bojan"]
[Black "Drazic, Sinisa"]
[Result "0-1"]
[WhiteElo "2235"]
[BlackElo "2421"]
[PlyCount "40"]
[EventDate "2014.01.10"]

1. e4 d5 2. exd5 Qxd5 3. Nf3 Bg4 4. Be2 Nc6 5. d4 O-O-O 6. c4 Qd7 7. d5 Bxf3 8.
gxf3 Qf5 9. Be3 Nb4 10. Na3 e6 11. Qd4 Nc6 12. Qe4 Bb4+ 13. Kd1 Qh5 14. Nb5
exd5 15. cxd5 Nf6 16. Qc4 Nxd5 17. Kc1 Nxe3 18. fxe3 Bd2+ 19. Kc2 Bxe3 20. f4
Rd2+ 0-1

[Event "Novi Sad chess winter "]
[Site "Novi Sad"]
[Date "2014.01.14"]
[Round "7.10"]
[White "Aleksic, Zvonimir"]
[Black "Simovic, Zarko"]
[Result "0-1"]
[WhiteElo "1936"]
[BlackElo "1946"]
[PlyCount "86"]
[EventDate "2014.01.10"]

1. e4 Nf6 2. Nc3 e6 3. g3 d5 4. Bg2 c5 5. d3 d4 6. Nce2 e5 7. Nf3 Nc6 8. O-O
Be7 9. Nd2 Qc7 10. a3 Be6 11. f4 Ng4 12. Nf3 exf4 13. Nxf4 Qd7 14. Nxe6 Qxe6
15. Qe1 Nge5 16. Nxe5 Nxe5 17. Rb1 O-O 18. Bf4 f6 19. Qe2 Ng6 20. Qh5 Nxf4 21.
gxf4 g6 22. Qh6 Qg4 23. Rbe1 Rf7 24. Qh3 Qxh3 25. Bxh3 f5 26. e5 Bh4 27. Re2
Re7 28. Rf3 Rd8 29. Bg2 h6 30. Bh3 Kf7 31. Kf1 Ke6 32. Rg2 Rg7 33. Ke2 Rf8 34.
Rg1 g5 35. Rff1 b5 36. Kd2 Rc7 37. b3 c4 38. bxc4 bxc4 39. Rb1 Bf2 40. Rgd1
Be3+ 41. Ke2 cxd3+ 42. cxd3 Rc2+ 43. Kf3 g4+ 0-1

[Event "Novi Sad chess winter "]
[Site "Novi Sad"]
[Date "2014.01.14"]
[Round "7.12"]
[White "Mladenovic, Dusan"]
[Black "Simeunovic, Predrag"]
[Result "1/2-1/2"]
[WhiteElo "2114"]
[BlackElo "2135"]
[PlyCount "22"]
[EventDate "2014.01.10"]

1. e4 e5 2. Nf3 Nc6 3. Bb5 a6 4. Ba4 Nf6 5. O-O Nxe4 6. d4 exd4 7. Nxd4 Nxd4 8.
Qxd4 Nc5 9. Re1+ Ne6 10. c4 Be7 11. Qd1 O-O 1/2-1/2

[Event "Novi Sad chess winter "]
[Site "Novi Sad"]
[Date "2014.01.14"]
[Round "7.13"]
[White "Marjanovic, Zoran L"]
[Black "Vucurovic, Nebojsa"]
[Result "1-0"]
[WhiteElo "1795"]
[BlackElo "2016"]
[PlyCount "78"]
[EventDate "2014.01.10"]

1. e4 e5 2. Nf3 Nc6 3. Bb5 a6 4. Ba4 Nf6 5. O-O Be7 6. Re1 b5 7. Bb3 O-O 8. c3
d5 9. exd5 Nxd5 10. Nxe5 Nxe5 11. Rxe5 Nf6 12. f3 Bd6 13. Re1 Ng4 14. g3 Nf6
15. d4 Bb7 16. Qd3 c5 17. Bd1 Qc7 18. Kg2 cxd4 19. Bg5 Ng4 20. Qxd4 Nxh2 21.
Qh4 Nxf3 22. Bxf3 Rfe8 23. Nd2 Qb6 24. Ne4 Be5 25. Be3 Qg6 26. Bf4 f5 27. Nd2
Bf6 28. Qh1 Bxf3+ 29. Nxf3 Qg4 30. Qh3 Qg6 31. Ne5 Bxe5 32. Bxe5 Qc6+ 33. Kh2
Qf3 34. Qg2 Qg4 35. Qd5+ Kh8 36. Kg2 Rad8 37. Qc6 Rxe5 38. Rxe5 Rd2+ 39. Kf1 g6
1-0

[Event "Novi Sad chess winter "]
[Site "Novi Sad"]
[Date "2014.01.14"]
[Round "7.14"]
[White "Jevtic, Miroljub"]
[Black "Dostan, Janos"]
[Result "1/2-1/2"]
[WhiteElo "2073"]
[BlackElo "2210"]
[PlyCount "95"]
[EventDate "2014.01.10"]

1. Nf3 g6 2. g3 Bg7 3. d4 Nf6 4. Bg2 O-O 5. O-O d6 6. Nbd2 Nbd7 7. e4 e5 8. c3
b6 9. Re1 Bb7 10. d5 Qe7 11. b3 h6 12. Ba3 Nc5 13. Bxc5 dxc5 14. Nc4 Ne8 15.
Qc2 Nd6 16. Ne3 Rae8 17. Rad1 f5 18. Nh4 Qf6 19. exf5 gxf5 20. f3 h5 21. Bh3
Bc8 22. c4 Bh6 23. Neg2 Kh8 24. Qe2 Rg8 25. f4 e4 26. Qxh5 Re7 27. Ne3 Rh7 28.
Bxf5 Nxf5 29. Nhxf5 Bxf4 30. Qe2 Bxf5 31. Nxf5 Qxf5 32. Qxe4 Qxe4 33. Rxe4 Bd6
34. Rf1 Rf8 35. Rxf8+ Bxf8 36. h4 Bd6 37. Kg2 Rf7 38. h5 Kg7 39. Re6 Rf5 40.
Rg6+ Kh7 41. g4 Rf4 42. g5 Rh4 43. Rh6+ Kg7 44. Kf3 a5 45. Rg6+ Kf7 46. Rf6+
Kg7 47. Rg6+ Kf7 48. Rf6+ 1/2-1/2

[Event "Novi Sad chess winter "]
[Site "Novi Sad"]
[Date "2014.01.14"]
[Round "7.16"]
[White "Ratic, Zoran"]
[Black "Mladenovic, Aleksandar D"]
[Result "0-1"]
[WhiteElo "1938"]
[BlackElo "1959"]
[PlyCount "84"]
[EventDate "2014.01.10"]

1. e4 d6 2. Nf3 Nf6 3. Nc3 g6 4. g3 Bg7 5. Bg2 e5 6. d4 Nbd7 7. Bg5 h6 8. Be3
O-O 9. O-O c6 10. Qd3 Qe7 11. Rad1 Re8 12. Rfe1 Bf8 13. b3 Nb6 14. Nh4 Be6 15.
Ne2 g5 16. Nf3 Bg4 17. Nd2 Bg7 18. c4 d5 19. dxe5 dxe4 20. Nxe4 Nxe4 21. Bxe4
Qxe5 22. Bg2 Qe7 23. Rd2 Nd7 24. Nd4 Ne5 25. Nf5 Qf6 26. Nxh6+ Qxh6 27. Qb1 Bf3
28. h4 Bxg2 29. Kxg2 Qf6 30. hxg5 Qf3+ 31. Kg1 Ng4 32. Qd1 Qxd1 33. Rexd1 Nxe3
34. fxe3 Rxe3 35. Kg2 Rae8 36. Rd7 Be5 37. Rxb7 Rxg3+ 38. Kf2 Rxg5 39. Rdd7
Rf5+ 40. Kg2 Re6 41. Kh3 Rg6 42. Kh4 Bf6+ 0-1

[Event "Novi Sad chess winter "]
[Site "Novi Sad"]
[Date "2014.01.15"]
[Round "8.2"]
[White "Jakovljevic, Zoran N"]
[Black "Drazic, Sinisa"]
[Result "0-1"]
[WhiteElo "2122"]
[BlackElo "2421"]
[PlyCount "66"]
[EventDate "2014.01.10"]

1. e4 c5 2. Nf3 e6 3. d4 cxd4 4. Nxd4 a6 5. Nc3 Qc7 6. Be2 Bb4 7. O-O Nf6 8.
Qd3 O-O 9. Bg5 Bxc3 10. bxc3 Qe5 11. Bxf6 Qxf6 12. f4 d6 13. a4 e5 14. fxe5
Qxe5 15. Nf5 Bxf5 16. Rxf5 Qe7 17. Rd1 Nc6 18. Rd5 Rad8 19. Bf3 Ne5 20. Qd4 Qc7
21. Rxd6 Rxd6 22. Qxd6 Qxc3 23. Be2 Qe3+ 24. Kf1 Qf4+ 25. Bf3 Qxh2 26. Kf2 Nxf3
27. Kxf3 Qh5+ 28. Kf2 Qh4+ 29. Kf3 h5 30. Qf4 Qe7 31. Qd6 Qg5 32. Qf4 Qc5 33.
Rd2 Qa3+ 0-1

[Event "Novi Sad chess winter "]
[Site "Novi Sad"]
[Date "2014.01.15"]
[Round "8.3"]
[White "Lukajic, Bojan"]
[Black "Lukovic, Vladimir"]
[Result "0-1"]
[WhiteElo "2200"]
[BlackElo "2396"]
[PlyCount "62"]
[EventDate "2014.01.10"]

1. e4 e5 2. Nf3 Nc6 3. Bc4 Bc5 4. b4 Bxb4 5. c3 Be7 6. d4 d6 7. O-O Nf6 8. Nbd2
O-O 9. a4 exd4 10. cxd4 d5 11. Bd3 Nb4 12. Bb1 dxe4 13. Nxe4 Nbd5 14. Qc2 Nxe4
15. Qxe4 g6 16. Bd2 Bf5 17. Qe2 Bxb1 18. Raxb1 b6 19. Ne5 f6 20. Nc6 Qd7 21.
Qc4 Kg7 22. Nxe7 Nxe7 23. Rfe1 a5 24. Rbc1 Nd5 25. h3 Rfe8 26. Rxe8 Rxe8 27.
Kf1 Re4 28. f3 Re3 29. Kf2 Ra3 30. Re1 Rxa4 31. Qc1 Rxd4 0-1

[Event "Novi Sad chess winter "]
[Site "Novi Sad"]
[Date "2014.01.15"]
[Round "8.4"]
[White "Trajkovic, Aleksandar"]
[Black "Yagupov, Igor"]
[Result "1/2-1/2"]
[WhiteElo "2197"]
[BlackElo "2388"]
[PlyCount "69"]
[EventDate "2014.01.10"]

1. c4 c6 2. Nc3 d5 3. d4 Nf6 4. Nf3 e6 5. e3 Nbd7 6. Be2 Bd6 7. cxd5 exd5 8. a3
a5 9. Rb1 Qe7 10. Qc2 O-O 11. Bd3 Re8 12. Bd2 Ne4 13. Ne2 f5 14. b4 Nxd2 15.
Qxd2 Nf6 16. O-O Ne4 17. Qb2 b5 18. Rfc1 Nxf2 19. Kxf2 Qxe3+ 20. Kf1 Qxd3 21.
Rxc6 Rxe2 22. Qxe2 Qxb1+ 23. Kf2 Bf8 24. Rxc8 Ra6 25. Qxb5 Qa2+ 26. Qe2 Qxe2+
27. Kxe2 axb4 28. axb4 Ra2+ 29. Ke3 Kf7 30. Ne5+ Ke7 31. b5 Rb2 32. Nc6+ Kf7
33. Ne5+ Ke7 34. Nc6+ Kf7 35. Ne5+ 1/2-1/2

[Event "Novi Sad chess winter "]
[Site "Novi Sad"]
[Date "2014.01.15"]
[Round "8.6"]
[White "Elez, Nikola"]
[Black "Mladenovic, Dusan"]
[Result "0-1"]
[WhiteElo "2227"]
[BlackElo "2114"]
[PlyCount "118"]
[EventDate "2014.01.10"]

1. e4 c6 2. Nc3 d5 3. Nf3 Bg4 4. h3 Bxf3 5. Qxf3 e6 6. Be2 d4 7. Nb1 Nd7 8. Qg3
Ne7 9. O-O Ng6 10. f4 Nf6 11. d3 Qb6 12. Nd2 Qc7 13. Qf2 Rd8 14. g4 e5 15. fxe5
Nxe5 16. Nf3 Nxf3+ 17. Qxf3 h6 18. Bd2 Bd6 19. Kg2 Be5 20. h4 Qe7 21. Rh1 Rd6
22. Bb4 Nd7 23. Bxd6 Bxd6 24. Raf1 Ne5 25. Qf5 Kd8 26. c3 Bc5 27. Kh3 Kc7 28.
Bd1 Rd8 29. c4 Rd6 30. g5 g6 31. Qf4 h5 32. a3 a5 33. Qd2 Bb6 34. c5 Bxc5 35.
Qxa5+ Bb6 36. Qd2 Kb8 37. Kg2 Bc7 38. Rf2 f6 39. Rhf1 fxg5 40. hxg5 Rd8 41. Be2
c5 42. b3 Qe6 43. Bd1 h4 44. Rf6 Qd7 45. R1f4 h3+ 46. Kh1 Qb5 47. Bc2 Ka7 48.
Rh4 Qd7 49. Qe2 Re8 50. Rf1 Re7 51. Bd1 Rh7 52. Rxh7 Qxh7 53. Bc2 Qh4 54. Qe1
Qxg5 55. Qf2 Ng4 56. Qe2 Ne3 57. Rg1 Qf4 58. Bb1 g5 59. Rc1 Ng2 0-1

[Event "Novi Sad chess winter "]
[Site "Novi Sad"]
[Date "2014.01.15"]
[Round "8.8"]
[White "Cengija, Vanja"]
[Black "Simeunovic, Predrag"]
[Result "1-0"]
[WhiteElo "2255"]
[BlackElo "2135"]
[PlyCount "59"]
[EventDate "2014.01.10"]

1. d4 d5 2. c4 e6 3. Nc3 Nf6 4. Bg5 Nbd7 5. cxd5 exd5 6. e3 h6 7. Bh4 Be7 8.
Bd3 O-O 9. Nge2 Re8 10. O-O c6 11. f3 c5 12. Bf2 b6 13. Qd2 Bb7 14. Rad1 a6 15.
dxc5 Bxc5 16. Rfe1 Ne5 17. Na4 Bd6 18. Nd4 g6 19. Rc1 b5 20. Nc5 Bc8 21. e4 Nc4
22. Bxc4 dxc4 23. b4 cxb3 24. axb3 Nh5 25. g3 Kh7 26. Nc6 Qf6 27. e5 Bxe5 28.
Nd3 Bxg3 29. Rxe8 Bc7 30. Bd4 1-0

[Event "Novi Sad chess winter "]
[Site "Novi Sad"]
[Date "2014.01.15"]
[Round "8.9"]
[White "Vlaovic, Djordje"]
[Black "Mladenovic, Aleksandar D"]
[Result "1-0"]
[WhiteElo "2132"]
[BlackElo "1959"]
[PlyCount "153"]
[EventDate "2014.01.10"]

1. e4 d6 2. d4 Nf6 3. Nc3 g6 4. g3 Bg7 5. Bg2 O-O 6. Nge2 Nbd7 7. O-O h6 8. h3
c6 9. Kh2 Qc7 10. a4 a5 11. Be3 e5 12. Qd2 Kh7 13. Rad1 Nb6 14. b3 Be6 15. f4
Rad8 16. f5 Bc8 17. dxe5 dxe5 18. Qe1 Rxd1 19. Nxd1 Rd8 20. fxg6+ fxg6 21. Qxa5
Nbd5 22. Qxc7 Nxc7 23. Nf2 Be6 24. Rd1 Rxd1 25. Nxd1 Na6 26. Bd2 Nc5 27. Nf2
Kg8 28. a5 Kf7 29. Nc3 Bf8 30. Bf1 g5 31. g4 Bd6 32. Kg3 Kg6 33. Kf3 Bd7 34.
Bc4 Be6 35. Bd3 Bd7 36. Ncd1 Ne6 37. c3 Nf4 38. Be1 Be6 39. b4 h5 40. Ne3 h4
41. Nf5 Bf8 42. c4 Kf7 43. Bc3 Nd7 44. Ke3 Ke8 45. Kd2 Kd8 46. Kc2 Kc7 47. Kb3
b5 48. axb6+ Kxb6 49. Ka4 Ka7 50. c5 Kb7 51. Ne3 Ka7 52. Bc4 Bxc4 53. Nxc4
Nxc5+ 54. bxc5 Bxc5 55. Nd1 Nxh3 56. Bxe5 Nf2 57. Nxf2 Bxf2 58. Bh2 Bg3 59.
Bg1+ Kb7 60. Nd2 h3 61. Nf3 Kc7 62. Kb4 Kd6 63. Kc4 h2 64. Bxh2 Bxh2 65. Nxh2
Ke5 66. Kd3 Kf4 67. Nf1 Kxg4 68. Ne3+ Kf4 69. Ng2+ Ke5 70. Ke3 c5 71. Ne1 g4
72. Nd3+ Kd6 73. Kf4 c4 74. Ne1 Kc5 75. Kxg4 Kd4 76. Kf5 c3 77. e5 1-0